|
|
|
|
| LEADER |
03124nam a2200385 a 4500 |
| 001 |
13477604 |
| 003 |
BD-DhAAL |
| 005 |
20250904145706.0 |
| 008 |
090520s2005 cauab b 001 0 eng d |
| 010 |
|
|
|a 2004101400
|
| 020 |
|
|
|a 9788131500200
|
| 020 |
|
|
|a 8131500209
|
| 040 |
|
|
|a DLC
|c DLC
|d DLC
|d BD-DhAAL
|
| 082 |
0 |
0 |
|a 577
|2 22
|
| 100 |
1 |
|
|a Odum, Eugene Pleasants,
|d 1913-
|9 57467
|
| 245 |
1 |
0 |
|a Fundamentals of ecology /
|c Eugene P. Odum, Gary W. Barrett.
|
| 250 |
|
|
|a Fifth edition.
|
| 260 |
|
|
|a Australia :
|b Thomson Brooks/Cole,
|c c2005.
|
| 300 |
|
|
|a xviii, 598 pages :
|b ill. maps ;
|c 27 cm.
|
| 504 |
|
|
|a Includes bibliographical references (p. 535-581) and index.
|
| 526 |
|
|
|x Fardousi Ara Begum
Department of MNS.
Course name and no. ''Introduction to Environmental Science(ENV101'')
|
| 541 |
1 |
|
|a Paragon Enterprise
|e 00018097
|
| 650 |
|
0 |
|a Ecology
|v Textbooks.
|9 57468
|
| 700 |
1 |
|
|a Barrett, Gary W.
|9 57469
|
| 852 |
4 |
|
|a Ayesha Abed Library
|j General Shelf.
|
| 942 |
|
|
|2 ddc
|c BK
|
| 999 |
|
|
|c 905
|d 905
|
| 952 |
|
|
|0 0
|1 0
|2 ddc
|4 0
|6 577_ODU_200700000000000
|7 0
|8 NFIC
|9 835
|a BRACUL
|b BRACUL
|c GEN
|d 2009-05-20
|g 790.00
|l 0
|o 577 ODU
|p 3010018096
|r 2009-05-20
|t 1
|w 2009-05-20
|y BK
|
| 952 |
|
|
|0 0
|1 0
|2 ddc
|4 0
|6 577_ODU_200700000000000
|7 0
|8 NFIC
|9 10055
|a BRACUL
|b BRACUL
|c GEN
|d 2010-05-11
|l 1
|m 2
|o 577 ODU
|p 3010018097
|r 2016-11-27
|s 2016-06-06
|t 2
|w 2010-05-11
|y BK
|
| 952 |
|
|
|0 0
|1 0
|2 ddc
|4 0
|6 577_ODU_200700000000000
|7 0
|8 NFIC
|9 10056
|a BRACUL
|b BRACUL
|c GEN
|d 2010-05-11
|l 2
|m 32
|o 577 ODU
|p 3010018098
|r 2025-08-17
|s 2025-02-17
|t 3
|w 2010-05-11
|y BK
|
| 952 |
|
|
|0 0
|1 0
|2 ddc
|4 0
|6 577_ODU_200900000000000
|7 0
|8 NFIC
|9 10057
|a BRACUL
|b BRACUL
|c GEN
|d 2010-05-11
|e Paragon Enterprise Ltd.
|g 888.00
|l 1
|o 577 ODU
|p 3010019018
|r 2011-09-27
|s 2011-09-27
|t 4
|y BK
|x Requisitioned by Fardousi Ara Begum Department of MNS. Course name and no. ''Introduction to Environmental Science(ENV101'')
|
| 952 |
|
|
|0 0
|1 0
|2 ddc
|4 0
|6 577_ODU_200900000000000
|7 0
|8 NFIC
|9 10058
|a BRACUL
|b BRACUL
|c GEN
|d 2010-05-11
|e Paragon Enterprise Ltd.
|g 888.00
|l 0
|o 577 ODU
|p 3010019019
|r 2010-05-11
|t 5
|w 2010-05-11
|y BK
|x Requisitioned by Fardousi Ara Begum Department of MNS. Course name and no. ''Introduction to Environmental Science(ENV101'')
|
| 952 |
|
|
|0 0
|1 0
|2 ddc
|4 0
|6 577_ODU_200900000000000
|7 0
|8 NFIC
|9 10059
|a BRACUL
|b BRACUL
|c GEN
|d 2010-05-11
|e Paragon Enterprise Ltd.
|l 1
|o 577 ODU
|p 3010019020
|r 2013-01-29
|s 2013-01-23
|t 6
|w 2010-05-11
|y BK
|x Requisitioned by Fardousi Ara Begum Department of MNS. Course name and no. ''Introduction to Environmental Science(ENV101'')
|
| 952 |
|
|
|0 0
|1 0
|2 ddc
|4 0
|6 577_ODU_200900000000000
|7 0
|8 NFIC
|9 10060
|a BRACUL
|b BRACUL
|c GEN
|d 2010-05-11
|e Paragon Enterprise Ltd.
|g 888.00
|l 2
|o 577 ODU
|p 3010019021
|r 2011-09-25
|s 2011-09-25
|t 7
|w 2010-05-11
|y BK
|x Requisitioned by Fardousi Ara Begum Department of MNS. Course name and no. ''Introduction to Environmental Science(ENV101'')
|
| 952 |
|
|
|0 0
|1 0
|2 ddc
|4 0
|6 577_ODU_200900000000000
|7 0
|8 NFIC
|9 10061
|a BRACUL
|b BRACUL
|c GEN
|d 2010-05-11
|e Paragon Enterprise Ltd.
|g 888.00
|l 0
|o 577 ODU
|p 3010019022
|r 2010-05-11
|t 8
|w 2010-05-11
|y BK
|x Requisitioned by Fardousi Ara Begum Department of MNS. Course name and no. ''Introduction to Environmental Science(ENV101'')
|